Finančné inštitúcie v historickom vývoji a ich postavenie vo vybranom období bakalárska práca

Salvato in:
Dettagli Bibliografici
Autore principale: Kováč, Jozef
Ente Autore: Národohospodárska fakulta EU. Katedra financií
Altri autori: Baláži, Peter
Natura: Libro
Lingua:slovacco
Pubblicazione: Bratislava 2016
Tags: Aggiungi Tag
Nessun Tag, puoi essere il primo ad aggiungerne!!

MARC

LEADER 00000nbm a2200000 4500
001 0221425
005 20161221095748.6
041 0 |a slo 
044 |a SK 
245 1 0 |a Finančné inštitúcie v historickom vývoji a ich postavenie vo vybranom období  |b bakalárska práca  |c Jozef Kováč ; školiteľ: Peter Baláži 
264 1 |a Bratislava  |c 2016 
300 |a 34 s. 
100 1 |a Kováč, Jozef 
700 1 |a Baláži, Peter 
710 2 |a Národohospodárska fakulta EU. Katedra financií